000 00302nam a2200133Ia 4500
008 190723s9999 xx 000 0 und d
020 _a978-1-119-33500-9
100 _aScott Stratten
245 0 _aUn Marketing
250 _a2nd
260 _aNew Jersey
_bWiley
_c2017
300 _a290.:p
942 _cBK
999 _c1650
_d1650